Größte Gemeinden Tirols - Statistiken

Allgemein
  • Dieses Quiz wurde 316 mal gespielt
    217 seit der letzten Aktualisierung
  • Das Durchschnittsergebnis liegt bei 21 aus 50
Antwortstatistiken
# Einwohner Gemeinde % Korrekt
I 131.059 Innsbruck
100%
KU 19.512 Kufstein
99%
IM 10.882 Imst
91%
KB 8.239 Kitzbühel
87%
SZ 13.810 Schwaz
84%
LA 7.686 Landeck
79%
KU 14.179 Wörgl
79%
IL 14.243 Hall in Tirol
76%
LZ 11.935 Lienz
76%
IL 16.091 Telfs
76%
RE 6.989 Reutte
74%
KB 9.663 St. Johann in Tirol
70%
SZ 7.175 Jenbach
59%
IL 7.984 Wattens
54%
IL 8.197 Zirl
53%
IL 9.311 Rum
50%
IL 3.595 Matrei am Brenner
48%
LZ 4.633 Matrei in Osttirol
48%
IL 3.519 Seefeld in Tirol
47%
IL 6.963 Völs
42%
IL 7.319 Absam
39%
IL 6.111 Axams
39%
SZ 3.907 Mayrhofen
38%
KB 5.258 Kirchberg in Tirol
32%
KU 4.762 Kundl
30%
KB 5.650 Hopfgarten im Brixental
28%
IM 4.780 Längenfeld
28%
KU 4.971 Kramsach
27%
IL 4.817 Neustift im Stubaital
27%
IL 3.635 Steinach am Brenner
26%
KU 5.871 Kirchbichl
25%
IL 4.549 Mils
25%
SZ 5.283 Vomp
25%
IL 4.495 Fulpmes
22%
KU 3.722 Söll
22%
KB 3.664 Westendorf
22%
KB 4.407 Fieberbrunn
20%
KU 4.159 Langkampfen
20%
IL 4.497 Volders
20%
IL 3.990 Inzing
19%
IL 4.112 Thaur
19%
KU 5.716 Ebbs
18%
SZ 4.228 Fügen
18%
KB 4.024 Kirchdorf in Tirol
18%
IL 4.138 Götzens
16%
KB 4.456 Kössen
16%
IM 4.770 Haiming
15%
KU 3.517 Breitenbach am Inn
14%
IM 3.828 Mieming
14%
KU 4.314 Wildschönau
14%
Keine übereinstimmenden Quizze gefunden
Verteilung der Resultate
Anzahl Personen mit jedem Resultat
Perzentil nach korrekt beantworteten Fragen
Ihre Resultats-Entwicklung
Sie haben dieses Quiz seit der letzten Aktualisierung nicht gespielt